| 000 | 00783nam a22001097a 4500 | ||
|---|---|---|---|
| 008 | 161024b xxu||||| |||| 00| 0 eng d | ||
| 100 | _aO'Keefe, Donna | ||
| 245 |
_aLinn's stamp identifier _bRevised and Expanded |
||
| 260 |
_aSidney, OH _bLinn's stamp identifier _c2004 |
||
| 650 | _aCollecting -- Identification -- Stamp Finders | Collecting -- Guides and Handbooks | Designs -- Inscriptions and Lettering | Overprints and Surcharges | Provisionals and Forerunners | Occupation Issues | Locals and Private Posts | Revenues | Postal Tax Issues | Telegraph Issues | Bogus Issues | Unissued Issues | Seals and Labels | Cinderella Material | Nondenominated Stamps | Postal Stationery | Embossed Issues | Essays and Proofs | Specimens | Translation Guides and Services | ||
| 700 | _aMiller, Rick | ||
| 999 |
_c2073 _d2073 |
||